El principito /
Guardado en:
| Autor Principal: | |
|---|---|
| Otros Autores: | |
| Formato: | Libro |
| Publicado: |
México :
Fernández,
1994.
|
| Edición: | 70 reimp. |
| Series: | Clásicos Auriga
|
| Materias: | |
| Etiquetas: |
Agregar Etiqueta
Sin Etiquetas, Sea el primero en etiquetar este registro!
|
| LEADER | 00685nam a22002295a 4500 | ||
|---|---|---|---|
| 001 | CEM.cems020015 | ||
| 008 | 230425s1994####mx############000#0#####d | ||
| 005 | 20230425104746.0 | ||
| 245 | 1 | 0 | |a El principito / |c Antoine de Saint Exupéry; traducido por Manuel Alva Bauzano. |
| 250 | |a 70 reimp. | ||
| 260 | |a México : |b Fernández, |c 1994. | ||
| 300 | |a 90 p. | ||
| 490 | 1 | |a Clásicos Auriga | |
| 020 | |a 9684160178 | ||
| 100 | 1 | |a Saint Exupéry, Antoine de | |
| 700 | 1 | |a Alva Bauzano, Manuel; trad. | |
| 082 | 0 | 4 | |a 843 |
| 653 | |a Literatura | ||
| 653 | |a Literatura francesa | ||
| 653 | |a Novelas | ||
| 653 | |a Novela francesa | ||
| 859 | |a CEMS |b BIB. CEMS - Agricultura |h 843 |i Sa21-1 |p A3565.23 |t Ej.1 | ||
